000 00330 a2200169 4500
001 168754
020 _a978-85-02-09365-2
040 _cMagnum
100 _aLembo, Antonio
240 1 0 _aQuímica 1
_lpor
245 1 0 _aQuímica 1
300 _a384
362 0 _a2010
440 1 _aAtual
697 _aQUÍMICA
942 _cBK
999 _c168754
_d168754